00611nam a2200193Ia 4500008004100000020000700041082001700048100002000065245007000085250000900155260003700164300001700201500001900218600002000237650002000257942000700277952011600284999001700400240925s9999 xx 000 0 und d aNA a382.6029 JAM aNot - Available 0aJamals Yellow Pages of Pakistan 2015: industrial/commercial guide a32nd aKarachi:bUS Publicationc,2015. a167p.b0fNA aIncludes Index aSocial Sciences aSocial Sciences cBK 00102ddc40708SSaUITUbUITUd2016-03-11eGiftl0o382.6029 JAMpQ10831r2024-09-25 07:15:51w2024-09-25yBK c13330d13330